01515nam a22002177a 450000500170000000800410001702000180005804000070007604100120008308200170009510000260011224500430013826000410018130000240022236500600024652007410030665000280104794200120107599900190108795201910110620260121090213.0260120b |||||||| |||| 00| 0 eng d a9780143469537 cAL aEnglish a820.33bSINI aRithvik Singh9251967 aI cannot say goodbye to youb: a novel aHaryanabPenguin Random House c2025 a363p.bPBc20x13cm. aKSCR-000702b₹319.00c₹d₹399.00e20%f13-01-2026 aWhat if you were forced to say goodbye to the only person who ever loved you? When Aashna loses everything and her parents refuse to love her, she is sent to boarding school. Eventually, she realizes she had left her heart open, and someone decides to break into it—a tall, handsome (a bit too much), straight-out-of-the-movies guy who loves her with his whole heart. But every time she goes back home, she meets an absence that will not let her sleep and a nightmare of a presence. Painfully tired of the hurt, she becomes what her mother could never be: a leaver. With off-the-charts chemistry, witty conversations, and unexpected plot twists, I Cannot Say Goodbye to You is the story of Aashna and the people she loves (and loses). aEnglish Fiction9251845 2ddccBK c240800d240800 00102ddc40708GENaALbALcSKd2026-01-16eNavakarnataka Publications Pvt Ltd Mangaluru-575001g319.00l5o820.33 SINIp078051r2026-03-17 10:48:17s2026-03-09v399.00w2026-01-13yBK